| 000 | 00879nam a2200289Ia 4500 | ||
|---|---|---|---|
| 001 | 51976 | ||
| 005 | 20230410123551.0 | ||
| 008 | 050412s2004 mx 000 0 spa d | ||
| 035 | _a(OCoLC)ocm58968617 | ||
| 040 |
_aUNAMX _bspa _cUNAMX |
||
| 020 | _a9700748855 | ||
| 020 | _a9789700748856 | ||
| 029 | 1 |
_aNLGGC _b29078669X |
|
| 035 | _a(OCoLC)58968617 | ||
| 037 | _c235.00 | ||
| 050 | 1 | 4 |
_aKJE5076 _bA185 2004 |
| 100 | 1 | _aAcosta Romero, Miguel | |
| 245 | 1 | 0 |
_aComentarios a la Constitución de los Estados Unidos de Europa / _cMiguel Acosta Romero, Julieta Arelâi Lara Luna |
| 260 |
_aMâexico : _bPorrúa, _c2004 |
||
| 300 | _a403 p. | ||
| 650 | 4 |
_aDerecho constitucional _zUniâon de Países Europeos |
|
| 650 | 4 |
_aDerecho constitucional _zEuropa |
|
| 700 | 1 |
_aLara Luna, Julieta Arelâi, _ecoaut. |
|
| 942 |
_2lcc _cbk |
||
| 946 | _aclperez | ||
| 994 |
_aC0 _bDRFGD |
||
| 999 |
_c64021 _d64021 |
||